[Event "FRA-ch Blitz Online Qual"]
[Site "Europe Echecs INT"]
[Date "2020.05.16"]
[Round "2"]
[White "Albaladejo, Sylviane"]
[Black "Maugin, Narada"]
[Result "0-1"]
[WhiteElo "1025"]
[BlackElo "1947"]
[PlyCount "98"]
[EventDate "2020.05.16"]
[EventType "swiss (blitz)"]
[EventRounds "15"]
[EventCountry "FRA"]
[SourceTitle "CBM 196 Extra"]
[Source "ChessBase"]
[SourceDate "2020.07.31"]
[SourceVersion "1"]
[SourceVersionDate "2020.07.31"]
[SourceQuality "1"]

1. e4 c6 2. Nf3 d5 3. exd5 cxd5 4. d4 Bg4 5. Be2 Nc6 6. 0-0 e6 7. Be3 Nf6 8. Nc3 Be7 9. a3 a5 10. Ne5 Bxe2 11. Nxe2 0-0 12. f4 Rc8 13. c3 Qb6 14. Rb1 Qa6 15. Re1 a4 16. Nc1 Ne4 17. Ncd3 Qb5 18. Nd7 Rfd8 19. N7e5 Na5 20. Nc5 Nc4 21. Nxe4 dxe4 22. Nxc4 Qxc4 23. h3 b5 24. Qc2 Qd5 25. Qf2 f5 26. h4 Bf6 27. Rbc1 Rc7 28. Red1 Rdc8 29. g3 Qc4 30. Qf1 Be7 31. Qxc4 bxc4 32. d5 Kf7 33. dxe6+ Kxe6 34. Bd4 g6 35. Be5 Rb7 36. Rb1 Rc6 37. Kg2 Rcb6 38. Rd2 Bxa3 39. Bd4 Rxb2 40. Rdxb2 Rxb2+ 41. Rxb2 Bxb2 42. Kh3 a3 43. g4 a2 44. gxf5+ gxf5 45. h5 a1Q 46. Kh4 Bxc3 47. Kg5 Bxd4 48. Kh6 Qg1 49. Kxh7 Qg7# 0-1

[Event "FRA-ch Blitz Online Qual"]
[Site "Europe Echecs INT"]
[Date "2020.05.16"]
[Round "3"]
[White "Maugin, Narada"]
[Black "Perez Marco, Ricardo"]
[Result "1-0"]
[WhiteElo "1947"]
[BlackElo "2064"]
[PlyCount "79"]
[EventDate "2020.05.16"]
[EventType "swiss (blitz)"]
[EventRounds "15"]
[EventCountry "FRA"]
[SourceTitle "CBM 196 Extra"]
[Source "ChessBase"]
[SourceDate "2020.07.31"]
[SourceVersion "1"]
[SourceVersionDate "2020.07.31"]
[SourceQuality "1"]

1. c4 e6 2. Nf3 f5 3. g3 Nf6 4. Bg2 Be7 5. 0-0 0-0 6. Nc3 d5 7. d4 c6 8. Ne5 Nbd7 9. f4 Ne4 10. Qb3 Kh8 11. Be3 Bf6 12. Rad1 Bxe5 13. fxe5 Qe8 14. Nxe4 fxe4 15. Rxf8+ Qxf8 16. Rf1 Qe7 17. Bh3 Nf8 18. Bd2 Ng6 19. Bb4 Qe8 20. Bd6 b6 21. Bg4 Ne7 22. Qe3 Nf5 23. Qg5 h6 24. Qd2 Qg6 25. Rf4 Ba6 26. b3 dxc4 27. b4 Rc8 28. h4 h5 29. Bxf5 exf5 30. Kh2 c3 31. Qc2 c5 32. bxc5 bxc5 33. Bxc5 Rc7 34. e3 Bd3 35. Qxc3 Qa6 36. a3 g6 37. Rf2 Qa4 38. Rb2 Qd1 39. Rb8+ Kh7 40. Qb2 1-0

[Event "Sautron op 19th"]
[Site "Sautron"]
[Date "2019.10.22"]
[Round "8.7"]
[White "Abergel, Thal"]
[Black "Maugin, Narada"]
[Result "1-0"]
[WhiteElo "2475"]
[BlackElo "1852"]
[PlyCount "53"]
[EventDate "2019.12.10"]
[EventType "swiss"]
[EventRounds "9"]
[EventCountry "FRA"]
[SourceTitle "EXT 2022"]
[Source "ChessBase"]
[SourceDate "2021.10.06"]
[SourceVersion "1"]
[SourceVersionDate "2021.10.06"]
[SourceQuality "1"]

1. d4 Nf6 2. Nf3 c5 3. e3 g6 4. c4 cxd4 5. Nxd4 d5 6. Nc3 dxc4 7. Bxc4 Bg7 8. 0-0 0-0 9. b3 Nc6 10. Nxc6 bxc6 11. Bb2 Ne4 12. Qc1 Nxc3 13. Bxc3 a5 14. Bxg7 Kxg7 15. Qc3+ Kg8 16. Rfd1 Qb6 17. h4 h5 18. Qe5 Ra7 19. Rd4 c5 20. Rd5 Qf6 21. Qxf6 exf6 22. Rxc5 a4 23. b4 a3 24. b5 Rd8 25. b6 Ra8 26. Rc7 Bd7 27. b7 1-0

[Event "Sautron op 19th"]
[Site "Sautron"]
[Date "2019.10.19"]
[Round "6.16"]
[White "Maugin, Narada"]
[Black "Mercier, Jean Loup"]
[Result "1-0"]
[WhiteElo "1852"]
[BlackElo "1721"]
[PlyCount "21"]
[EventDate "2019.12.10"]
[EventType "swiss"]
[EventRounds "9"]
[EventCountry "FRA"]
[SourceTitle "EXT 2022"]
[Source "ChessBase"]
[SourceDate "2021.10.06"]
[SourceVersion "1"]
[SourceVersionDate "2021.10.06"]
[SourceQuality "1"]

1. e4 c5 2. Nc3 Nc6 3. Nf3 g6 4. d4 cxd4 5. Nxd4 Bg7 6. Be3 Nf6 7. Bc4 a6 8. Bb3 0-0 9. f3 Na5 10. e5 Ne8 11. Bxf7+ 1-0

[Event "Avoine op 33rd"]
[Site "Avoine"]
[Date "2018.07.23"]
[Round "3"]
[White "Maugin, Narada"]
[Black "Lebret, Jean Michel"]
[Result "0-1"]
[WhiteElo "1609"]
[BlackElo "2073"]
[PlyCount "78"]
[EventDate "2018.07.21"]
[EventType "swiss"]
[EventRounds "9"]
[EventCountry "FRA"]
[SourceTitle "CBM 185 Extra"]
[Source "ChessBase"]
[SourceDate "2018.07.29"]
[SourceVersion "1"]
[SourceVersionDate "2018.07.29"]
[SourceQuality "1"]

1. e4 c5 2. c3 d5 3. exd5 Qxd5 4. d4 Nc6 5. Nf3 e5 6. dxe5 Qxd1+ 7. Kxd1 Bg4 8. Bf4 0-0-0+ 9. Nbd2 Nge7 10. Ke1 Ng6 11. Bg3 f6 12. exf6 gxf6 13. h3 Bf5 14. Be2 Bh6 15. Nb3 b6 16. Ba6+ Kd7 17. Kf1 Nce5 18. Nxe5+ fxe5 19. Kg1 Bf4 20. Bxf4 Nxf4 21. Kh2 h5 22. Rhe1 Ke6 23. Rad1 Kf6 24. Nd2 Bc2 25. Ne4+ Bxe4 26. Rxd8 Rxd8 27. Rxe4 Rd2 28. Kg3 Rxb2 29. a4 Rc2 30. c4 Kf5 31. Bb7 Ra2 32. Bc6 Ne2+ 33. Kh4 Nd4 34. g4+ hxg4 35. hxg4+ Kf6 36. Bd7 Rxf2 37. g5+ Kg6 38. Be8+ Kf5 39. Re3 Kf4 0-1